000
00278 a2200121 4500
001
156073
040
_c
Escola São Tomás de Aquino
240
1
0
_a
Educação no século 21
_l
por
245
1
0
_a
Educação no século 21
440
1
_a
Moderna
697
_a
Educação
942
_c
BK
999
_c
156073
_d
156073